[Event "HCL-B196"]
[Site "www.playchess.de"]
[Date "2001.03.15"]
[Round "1"]
[White "Hamburger"]
[Black "cmcmark"]
[WhiteElo "1361"]
[BlackElo "1200"]
[PlyCount "55"]
[Result "1-0"]

1.d4 f5 2.c4 Nf6 3.Nc3 g6 4.Nf3 Bg7 5.g3 O-O 6.Bg2 
d6 {While I like the time control, this is a nice 
pace until we hit the middle game.}  7.Qc2 c6 
8.O-O Qe8 9.Re1 e5 10.dxe5 dxe5 11.e4 Na6 12.a3 
Nxe4 13.Nxe4 fxe4 14.Qxe4 Bf5 15.Qe3 Rd8 16.Qxa7 
Qe7 17.Bg5 Qc7 {I thought slow chess would help my 
game.  Wrong moves are still possible.}  18.Bxd8 
Rxd8 {An exchange and pawn down with another pawn 
to follow.  This doesn't look too good but I'll 
see.}  19.Rad1 Re8 20.Rd2 h6 21.Nh4 e4 22.Nxf5 
gxf5 23.Red1 Re7 24.b4 Qe5 25.Qb6 Nb8 26.f4 exf3 
27.Bxf3 Kh7 28.Re2 1-0

[Event "HCL-C200"]
[Site "www.playchess.de"]
[Date "2001.03.15"]
[Round "13"]
[White "rrr3"]
[Black "king"]
[WhiteElo "1000"]
[BlackElo "869"]
[PlyCount "37"]
[Result "1-0"]

1.e4 e5 2.Nf3 f6 3.Nc3 b6 4.Bc4 Nh6 5.h3 Ba6 
6.Bxa6 Nxa6 7.a3 Bd6 8.Qe2 Nc5 9.d3 g5 10.Be3 a5 
11.h4 Ng4 12.hxg5 fxg5 13.Nxg5 Nf6 14.Nd5 h6 
15.Qf3 Rf8 16.Rxh6 Nxd5 17.Qh5+ Ke7 18.Rh7+ Kf6 
19.Qh6+ 1-0

[Event "ACL-A099"]
[Site "www.playchess.de"]
[Date "2001.03.15"]
[Round "2"]
[White "MAPS"]
[Black "lsoule"]
[WhiteElo "1500"]
[BlackElo "1500"]
[PlyCount "88"]
[Result "0-1"]

1.e4 {G}  c5 {hello from Santa Cruz, California}  
2.d4 {Hello from Jacksonville Florida}  cxd4 {Your 
flag says Venezuela?}  3.Qxd4 {I'm from Venezuela 
but I've been learning english in Fl. for the last 
18 months.}  Nc6 {Thanks for the explanation.  
Good luck in the tournament.}  4.Qa4 {Good Luck to 
you ! How long are you going to be on line 
tonight?}  e5 {Not much longer - probably 10-15 
minutes.}  5.Qb3 {If you are still on line, I'm 
going to stay for another 30 minutes.}  Nf6 6.Bg5 
Bb4+ 7.Nc3 {How long are you going to be on line 
now?}  Nd4 8.Qa4 {Ups!}  Qb6 9.Bd3 Bxc3+ 10.bxc3 
Qb2 11.Rd1 Qxc3+ 12.Bd2 Qc6 13.Qxc6 dxc6 14.Ne2 
Nxe2 15.Bxe2 Nxe4 16.O-O {What's up my friend?}  
O-O {Not much is up tonight - particularly in our 
ACL tournament.  Have you had anyone else move 
yet?}  17.Ba5 {Yeah, I'm playing 2 other HCL games 
right now.}  b6 18.Bb4 c5 19.Ba3 Nc3 20.Rd2 Be6 
21.Re1 Rad8 22.Rd3 Nxe2+ 23.Rxe2 Bc4 24.Rxd8 Rxd8 
25.Re1 f6 26.h3 Rd2 27.Bc1 Rxc2 28.Be3 Rxa2 29.Rd1 
h6 30.g4 Bb5 31.Kg2 Bc6+ 32.Kg3 Kh7 33.Rd6 Be4 
34.f3 Ra3 35.fxe4 Rxe3+ 36.Kf2 Rxe4 37.Rd7 a5 
38.Rb7 {It seems that you are going to win. It was 
a good game. CONGRATULATIONS.}  Rb4 {Thanks.  
Maybe we'll meet again soon at playchess?}  39.Kg3 
a4 40.Kh4 b5 41.Kh5 a3 42.h4 a2 43.Ra7 a1Q {%}  
44.Rxa1 {GOOD GAME.}  g6+ {thanks for the game} 
 0-1

[Event "ACL-A107"]
[Site "www.playchess.de"]
[Date "2001.03.15"]
[Round "8"]
[White "Controler"]
[Black "Farmer"]
[WhiteElo "1500"]
[BlackElo "1500"]
[PlyCount "38"]
[Result "0-1"]

1.e4 Nf6 2.Nc3 d5 3.e5 Ne4 4.Nxe4 dxe4 5.d4 exd3 
6.Qxd3 Qxd3 7.Bxd3 Nc6 8.Nf3 Bg4 9.Be4 O-O-O 
10.O-O Bxf3 11.Bxc6 Bxc6 12.Be3 e6 13.Bxa7 b6 
14.Rad1 Bc5 15.c3 Kb7 16.Rxd8 Rxd8 17.b4 Be7 
18.Bxb6 cxb6 19.h3 Rd2 0-1

[Event "HCL-C204"]
[Site "www.playchess.de"]
[Date "2001.03.15"]
[Round "8"]
[White "craigsadler"]
[Black "Bookkeeper"]
[WhiteElo "699"]
[BlackElo "1000"]
[PlyCount "34"]
[Result "0-1"]

1.e4 e5 2.Nf3 Nc6 3.Bc4 Bc5 4.O-O Nf6 5.d3 d6 
6.Bg5 h6 7.Bh4 g5 8.Nxg5 hxg5 9.Bxg5 Rg8 10.Qd2 
Rg6 11.h4 Bg4 12.Nc3 Qd7 13.Rfe1 O-O-O 14.Nd5 Nxd5 
15.Bxd8 Bf3 16.Kf1 Rxg2 17.exd5 
Qh3 0-1

[Event "HCL-C205"]
[Site "www.playchess.de"]
[Date "2001.03.15"]
[Round "4"]
[White "patzer"]
[Black "Zooey"]
[WhiteElo "1251"]
[BlackElo "1508"]
[PlyCount "28"]
[Result "0-1"]

1.e4 e5 2.f4 exf4 {hello patzer!}  3.Nf3 {Hello! 
Sorry, my English is to poor to talk with you...}  
Be7 {your English is English, still, silence is 
fine by me ...}  4.Bc4 Nf6 5.e5 Ng4 6.O-O d5 
7.exd6 Qxd6 8.d4 O-O 9.Nc3 Bf5 10.Qe2 Bf6 11.g3 
fxg3 12.Kh1 gxh2 13.Ng5 Bd7 14.Nce4 
Qxd4 0-1

[Event "HCL-B202"]
[Site "www.playchess.de"]
[Date "2001.03.15"]
[Round "2"]
[White "Colm"]
[Black "Translightor"]
[WhiteElo "1283"]
[BlackElo "1472"]
[PlyCount "65"]
[Result "1-0"]

1.d4 {hi}  d5 {hi to you}  2.c4 e6 3.Nc3 Nf6 4.Bg5 
Be7 5.Nf3 O-O 6.e3 h6 7.Bh4 b6 8.Be2 Bb7 9.O-O 
Nbd7 10.Rc1 c5 11.Bxf6 Nxf6 12.cxd5 Nxd5 13.Ne5 
Rc8 14.Bf3 cxd4 15.exd4 Nxc3 16.bxc3 Bxf3 17.Qxf3 
Ba3 18.Rc2 Qe7 19.Rd1 Rfd8 20.Nc6 Qd6 21.Nxd8 Qxd8 
22.c4 Be7 23.c5 bxc5 24.dxc5 Qa5 25.c6 Bd6 26.g3 
Bc7 27.Rd7 Rf8 28.Qc3 Qxc3 29.Rxc3 Rc8 30.a4 a5 
31.Rc5 Bb6 32.c7 Kh7 33.Rc6 1-0

[Event "HCL-A091"]
[Site "www.playchess.de"]
[Date "2001.03.15"]
[Round "3"]
[White "Gruhni"]
[Black "hominoid"]
[WhiteElo "1272"]
[BlackElo "1660"]
[PlyCount "44"]
[Result "0-1"]

1.e4 c5 2.Nf3 Nc6 {hi enjoy game}  3.c3 d5 4.exd5 
Qxd5 5.d4 Bg4 6.Be3 cxd4 7.Bxd4 e5 8.Be2 exd4 
9.Nxd4 Bxe2 10.Qxe2+ Qe5 11.O-O Qxe2 12.Nxe2 O-O-O 
13.b4 Nf6 14.Na3 h5 15.b5 Bxa3 16.bxc6 bxc6 17.Nd4 
Kc7 18.Rfe1 Rhe8 19.g3 Bb2 20.Rab1 Rxe1+ 21.Rxe1 
Bxc3 22.Re7+ Rd7 0-1

[Event "HCL-B202"]
[Site "www.playchess.de"]
[Date "2001.03.15"]
[Round "24"]
[White "Colm"]
[Black "uneek"]
[WhiteElo "1283"]
[BlackElo "1191"]
[PlyCount "54"]
[Result "0-1"]

1.e4 c5 2.Nc3 a6 3.Nf3 e6 4.g3 Nc6 5.Bg2 Qc7 6.O-O 
Nf6 7.d3 Be7 8.Bf4 d6 9.d4 cxd4 10.Nxd4 Nxd4 
11.Qxd4 e5 12.Nd5 Nxd5 13.Bxe5 dxe5 14.Qxd5 O-O 
15.c3 Be6 16.Qd2 Rfd8 17.Qc2 b5 18.f4 Bc5+ 19.Kh1 
Be3 20.a4 Rd2 21.Qb1 Bc4 22.Re1 Bf2 23.Rd1 {this 
looks pretty grim !}  Rad8 24.Rxd2 Rxd2 25.b3 Bd3 
26.Qc1 Re2 {That just depends on the side of the 
board you are veiwing it from.  ;o)}  27.Bf1 
Bxe4+ 0-1

[Event "HCL-B202"]
[Site "www.playchess.de"]
[Date "2001.03.15"]
[Round "33"]
[White "patzer"]
[Black "LUPES"]
[WhiteElo "1250"]
[BlackElo "1783"]
[PlyCount "54"]
[Result "0-1"]

1.b3 d5 2.e3 Nf6 3.Bb2 c6 4.Be2 Nbd7 5.Nc3 e5 
6.Nf3 Bd6 7.O-O O-O 8.h3 Re8 9.Re1 Qc7 10.d3 Nc5 
11.Ng5 h6 12.Nf3 Bd7 13.Nb1 e4 14.Nfd2 Be7 15.d4 
Ne6 16.c4 Nf8 17.Nc3 Ng6 18.Qc2 Bd6 19.Nf1 Rac8 
20.c5 Be7 21.Ng3 Nh7 22.Rad1 Bh4 23.Nh1 Ng5 24.Bg4 
Bxg4 25.hxg4 Ref8 26.Qe2 f5 27.gxf5 
Rxf5 0-1

[Event "HCL-C209"]
[Site "www.playchess.de"]
[Date "2001.03.15"]
[Round "8"]
[White "fabrizio"]
[Black "fossa"]
[WhiteElo "1000"]
[BlackElo "1000"]
[PlyCount "55"]
[Result "1-0"]

1.d4 Nc6 2.Nc3 d6 3.Nf3 Bf5 4.e4 Bg4 5.Bb5 Qd7 
6.d5 a6 7.dxc6 bxc6 8.Bc4 g6 9.h3 Be6 10.Qd3 Bg7 
11.Bxa6 Nh6 12.Nd4 O-O 13.Bb7 Bxd4 14.Bxh6 Bxc3+ 
15.Qxc3 f6 16.Bxc6 Qc8 17.Bxf8 Kxf8 18.Bxa8 Qxa8 
19.O-O c5 20.f3 Qa7 21.Qa3 Qb6 22.Rf2 f5 23.Qa8+ 
Kg7 24.Re1 Qxb2 25.exf5 gxf5 26.Rxe6 Qc1+ 27.Rf1 
Qg5 28.Qe8 1-0

[Event "HCL-A096"]
[Site "www.playchess.de"]
[Date "2001.03.15"]
[Round "3"]
[White "Kasparovjr"]
[Black "Alyaspogi"]
[WhiteElo "1912"]
[BlackElo "1700"]
[PlyCount "47"]
[Result "1-0"]

1.e4 {Welcome to blitz correspondence!}  e6 {thank 
you. i am new at this site. SO how are you?}  2.d4 
{Fine. I see we are going to play the French 
defence, which is not very common here.}  d5 {Well 
i don't know any oppening or any defensive. i just 
play. So how long you've been playing?}  3.Nc3 {A 
few years, but not regularly.}  Bb4 {Oh.}  4.e5 f6 
5.f4 Nc6 6.Nf3 fxe5 7.fxe5 Nge7 8.Bd3 O-O 9.O-O 
Nf5 10.Bg5 Be7 11.Bxe7 Qxe7 12.Qd2 Bd7 13.Ne2 Rf7 
14.c3 h6 15.Nf4 Kh7 16.g4 {You have played the 
opening very well, but I think your last move was 
a blunder.}  g6 17.gxf5 gxf5 {thanks. my move 
kg8-h7 is a bad moved. you are really good player. 
you haven't make anymistake.}  18.Kh1 {I have but 
they are very small ones.}  Rg8 {yup. but if i 
took the d pawn kxp then kxk then kxk the bxh7 and 
kingxb and qxk. so it would be the}  19.Nh5 {That 
is right, but 13. ... Nb4! was good exchanging my 
strong bishop.}  Rg6 {Yup. i think of that too.}  
20.Rfg1 {Now you are lost.}  Rxg1+ 21.Rxg1 Rf8 
22.Qg2 Be8 23.Nf6+ {Good to be back playing. You 
must give your queen to avoid mate in three.}  Kh8 
{Yup. you are good.}  24.Qg8+ {Thanx for the 
game.}  1-0

[Event "HCL-C209"]
[Site "www.playchess.de"]
[Date "2001.03.15"]
[Round "17"]
[White "fabrizio"]
[Black "GuanoApe"]
[WhiteElo "1000"]
[BlackElo "1000"]
[PlyCount "35"]
[Result "1-0"]

1.d4 d5 {hi good luck i'm 15 male from belgium}  
2.c4 c6 3.cxd5 cxd5 4.Nf3 Nf6 5.Nc3 Bf5 6.Bf4 Nc6 
7.e3 e6 8.Ne5 Rc8 9.Qa4 Qb6 10.Bb5 Be7 11.O-O O-O 
12.Bxc6 bxc6 13.Rac1 Qxb2 14.Nxc6 Bd8 15.Qa6 e5 
16.dxe5 Ng4 17.f3 Nh6 18.Nxd5 1-0

[Event "HCL-A094"]
[Site "www.playchess.de"]
[Date "2001.03.15"]
[Round "23"]
[White "minkin72"]
[Black "Hubble"]
[WhiteElo "2034"]
[BlackElo "1631"]
[PlyCount "39"]
[Result "1-0"]

1.d4 d5 2.c4 e6 3.Nc3 Bb4 4.e3 Nf6 5.a3 Bxc3+ 
6.bxc3 O-O 7.cxd5 Nxd5 8.Qc2 c5 9.Bd3 f5 10.Nf3 
Nc6 11.e4 Nde7 12.dxc5 Qa5 13.O-O Qxc5 14.a4 a6 
15.Ba3 Qb6 16.exf5 exf5 17.Rfe1 Qc7 18.Nd4 Bd7 
19.Qb3+ Kh8 20.Bxe7 1-0

[Event "HCL-C215"]
[Site "www.playchess.de"]
[Date "2001.03.15"]
[Round "9"]
[White "pgschumy"]
[Black "SpiderMan"]
[WhiteElo "1051"]
[BlackElo "800"]
[PlyCount "48"]
[Result "0-1"]

1.e4 {Hi!}  e5 {Hello}  2.Nf3 Nc6 3.Bb5 Nf6 4.d3 
Bc5 5.O-O O-O 6.Bxc6 bxc6 7.Nxe5 Re8 8.Nf3 d6 9.b3 
Bg4 10.Bb2 Nxe4 11.dxe4 Rxe4 12.Nbd2 Rf4 13.h3 Bc8 
14.Nc4 Ba6 15.Qd2 Rxf3 16.gxf3 Qh4 17.Kh2 Bc8 
18.Bxg7 Qxh3+ 19.Kg1 Qg3+ 20.Kh1 Qxf3+ 21.Kh2 Qh3+ 
22.Kg1 Bg4 23.Ne3 Bf3 24.Bd4 Qh1+ 0-1

[Event "ACL-A108"]
[Site "www.playchess.de"]
[Date "2001.03.15"]
[Round "28"]
[White "DIG"]
[Black "Edik"]
[WhiteElo "1500"]
[BlackElo "1737"]
[PlyCount "38"]
[Result "1/2-1/2"]

1.d4 d5 2.c4 c6 3.Nf3 e6 4.cxd5 exd5 5.Nc3 Nf6 
6.Bg5 Be7 7.Qc2 Nbd7 {Privet!!!}  8.e3 O-O 9.Bd3 
Re8 10.O-O Nf8 11.Rab1 a5 12.a3 Ne4 13.Bxe7 Qxe7 
14.b4 axb4 15.axb4 Ng6 16.b5 Bg4 17.Nd2 Nxd2 
18.Qxd2 Nh4 19.f3 Qxe3+ 1/2-1/2

[Event "HCL-B225"]
[Site "www.playchess.de"]
[Date "2001.03.15"]
[Round "6"]
[White "Mother_Teresa"]
[Black "Bill"]
[WhiteElo "1197"]
[BlackElo "1264"]
[PlyCount "84"]
[Result "0-1"]

1.e4 e5 2.Nf3 Nc6 {Greetings - I'm in Fremont, CA 
where are you?}  3.Bc4 {Meadview, Arizona}  Bc5 
{Is that near Phoenix?  I was in Phoenix on 
Wednesday-Friday.}  4.d3 {Meadview is adjacent to 
Lake Mead and the West Rim of the Grand Canyon}  
Nf6 {Of course, I should have figured that one 
out!}  5.O-O {Are they making any good trucks at 
the NUMMI plant?}  d6 {I don't know.  Nobody here 
rants and raves about them.  Guess you know all 
about Fremont.}  6.Bg5 {I visited the NUMMI plant 
several times in the late 80's and early 90's}  h6 
{I live about 2 miles from there but have never 
been inside.}  7.Bh4 {NUMMI has an interesting 
operation and has a good reputation building 
vehicles.}  Na5 8.Bb3 O-O 9.Nc3 g5 {Everybody 
wrongly thought the Japanese would not be able to 
get the Americans to produce.}  10.Bg3 {I think 
the UAW Union is the main reason why the NUMMI 
operation has been so successful.}  Bg4 {Really? 
How so?}  11.h3 {e joint venture started to reopen 
the plant.}  Bh5 {An awful lot of people were put 
out of work when GM left.}  12.Nd5 Nxb3 13.axb3 
Nxd5 14.c3 Nf6 15.Re1 Bb6 16.Bh2 a6 17.g4 Bg6 
18.b4 Qd7 19.Kg2 Qe6 20.Nd2 Kg7 21.f3 d5 22.Re2 
Rad8 23.Bg1 Qc6 24.Bh2 dxe4 25.dxe4 Qb5 26.Qf1 h5 
27.Bg1 hxg4 28.hxg4 Bxg1 {I'm on jury duty, :(  
won't be able to make any more moves until 
tonight.}  29.Kxg1 {I thought all the jury trials 
were cancelled now that a republican is in the 
White House}  Rfh8 {Still have the trial, but the 
chair is adjacent to the judge's chambers.  I was 
excused :)}  30.Ra5 Qb6+ 31.Kg2 Nd7 32.Nc4 Qe6 
33.Ne3 Qf6 34.Nd5 Qd6 35.Ra1 Nb6 36.Rd1 Nxd5 
37.Rxd5 Qf6 38.Red2 Qf4 39.Kf2 Rxd5 40.Rxd5 Rh2+ 
41.Ke1 Qc1+ 42.Rd1 Qe3+ {Thank you for a really 
good game. (43.Qe2 Qxe2++) I'm sure we'll play 
again.}  0-1

[Event "CCL-E013"]
[Site "www.playchess.de"]
[Date "2001.03.15"]
[Round "27"]
[White "wardvet"]
[Black "ralph"]
[WhiteElo "2000"]
[BlackElo "2000"]
[PlyCount "25"]
[Result "1-0"]

1.d4 {Good Luck}  d5 2.c4 c6 3.Nf3 dxc4 4.e3 b5 
5.a4 {We have friends in Bern.}  Qc7 6.Nc3 Qb7 
7.b3 b4 {Bern is a beautiful place}  8.Ne4 {the 
daughter lived with us for a yr as exchange 
student}  cxb3 {cool :)}  9.Nc5 Qc7 10.Qxb3 e5 
11.Bb2 Bxc5 12.dxc5 a5 13.Bxe5 1-0

[Event "HCL-C232"]
[Site "www.playchess.de"]
[Date "2001.03.15"]
[Round "4"]
[White "Jeremy"]
[Black "flyboy"]
[WhiteElo "1000"]
[BlackElo "1000"]
[PlyCount "27"]
[Result "1-0"]

1.d4 {Hello}  Nc6 2.Nf3 f6 3.Bf4 g5 4.Bg3 b5 5.e3 
g4 6.Nfd2 Nh6 7.Bxb5 Nf5 8.Qxg4 e6 9.O-O Rb8 10.c4 
h5 11.Qg6+ Ke7 12.Nc3 Nb4 13.Nde4 Nc2 
14.Qxf6+ 1-0

[Event "ACL-E009"]
[Site "www.playchess.de"]
[Date "2001.03.15"]
[Round "1"]
[White "Bauernopfer"]
[Black "dzwonek"]
[WhiteElo "1638"]
[BlackElo "1655"]
[PlyCount "80"]
[Result "0-1"]

1.e4 c5 {Have a good game.}  2.Nf3 a6 3.c4 d6 
4.Nc3 g6 5.d4 Nd7 6.dxc5 dxc5 7.Bf4 Bg7 8.Nd5 e5 
9.Bg5 Ngf6 10.Qa4 h6 11.Bxf6 Bxf6 12.Be2 Bg7 
13.O-O f5 14.exf5 gxf5 15.Rad1 O-O 16.b3 e4 17.Ne1 
Nf6 18.f3 Nxd5 19.cxd5 Bd7 20.Qa3 Bd4+ 21.Kh1 Bb5 
22.Bxb5 {Nice weekend. Next move on monday.}  axb5 
{Thanks. The same to you.}  23.Qc1 {Well, it was a 
lie: today it´s wednesday}  e3 {It was a long 
weekend :-)}  24.Qc2 {.}  Re8 25.Rxd4 cxd4 {Would 
you accept?}  26.Qxf5 {What should I accept?}  Qg5 
{Your offer.}  27.Qd3 {Have I offered draw? If 
yes, I pushed the button by mistake.}  e2 28.Rg1 
Rxa2 29.Qxd4 {.}  Rd2 30.Qb6 Rxd5 31.Qxb7 Re7 
32.Qa8+ Kh7 33.g3 Rd1 34.Qc6 Qe3 35.Qxb5 Qxg1+ 
36.Kxg1 {Interesting move!}  Rxe1+ {I believe the 
best one.}  37.Kg2 {.}  Rg1+ 38.Kxg1 e1Q+ {%}  
39.Qf1 {How could you change between queen and 
rook. Was there an extra menue?}  Qd2 {Yes, there 
is. You can decide what you want.}  40.Qb1+ {.}  
Kg7 0-1

[Event "HCL-A106"]
[Site "www.playchess.de"]
[Date "2001.03.15"]
[Round "15"]
[White "Alyaspogi"]
[Black "Yogibear"]
[WhiteElo "1546"]
[BlackElo "1853"]
[PlyCount "34"]
[Result "0-1"]

1.e4 c6 {hello-have a nice game!}  2.d4 d5 3.e5 
Bf5 4.Nf3 e6 5.c4 Nd7 6.Bg5 Qb6 7.b3 c5 8.a3 cxd4 
9.Qxd4 Bc5 10.Qb2 Be4 11.Bf4 Bxf3 12.gxf3 Bd4 
13.Nc3 dxc4 14.Bxc4 Qc6 15.Ke2 Ne7 16.Qd2 Bxc3 
17.Qxc3 b5 0-1

[Event "HCL-A034"]
[Site "www.playchess.de"]
[Date "2001.03.16"]
[Round "6"]
[White "dottore"]
[Black "maze"]
[WhiteElo "1700"]
[BlackElo "1915"]
[PlyCount "75"]
[Result "1-0"]

1.Nf3 c5 2.b3 Nf6 3.Bb2 e6 4.e3 b6 5.d4 Bb7 6.Be2 
cxd4 7.Bxd4 Nc6 8.Bb2 Be7 9.O-O O-O 10.c4 d5 
11.Nbd2 Qc7 12.a3 dxc4 13.Bxc4 Rfd8 14.Qc2 Rac8 
15.Rac1 Na5 16.Qb1 Nxc4 17.Rxc4 Qd7 18.Rxc8 Rxc8 
19.Rd1 Rd8 20.Rc1 a5 21.e4 Qd3 22.Qxd3 Rxd3 23.Rc7 
Bxe4 24.Rxe7 Bxf3 25.Rc7 Ne8 26.Rc2 Bd1 27.Rc8 Kf8 
28.Nc4 Bxb3 29.Ne3 Bd5 30.Kf1 Ke7 31.Ke2 Rb3 
32.Rc2 b5 33.Bd4 b4 34.axb4 axb4 35.Rc5 Be4 36.Ra5 
Bd3+ 37.Kd1 Bg6 38.Bc5+ 1-0

[Event "HCL-A057"]
[Site "www.playchess.de"]
[Date "2001.03.16"]
[Round "9"]
[White "klypp"]
[Black "xavier"]
[WhiteElo "2138"]
[BlackElo "1700"]
[PlyCount "41"]
[Result "1-0"]

1.e4 e5 2.Nf3 d5 3.exd5 c6 4.dxc6 Nxc6 5.Bb5 Bf5 
6.Nxe5 Qe7 7.Qe2 Bxc2 8.Nxc6 bxc6 9.Bxc6+ Kd8 
10.Qxe7+ Bxe7 11.Bxa8 Nf6 12.d4 Kd7 13.Bf3 Re8 
14.Nc3 Nd5 15.Bxd5 Bf6+ 16.Be3 Bxd4 17.Kd2 Bxe3+ 
18.Kxc2 Bxf2 19.Rad1 Kc7 20.Rhf1 Bb6 
21.Rxf7+ 1-0

[Event "HCL-B087"]
[Site "www.playchess.de"]
[Date "2001.03.16"]
[Round "35"]
[White "ddddale"]
[Black "CHARON"]
[WhiteElo "1500"]
[BlackElo "1468"]
[PlyCount "82"]
[Result "0-1"]

1.d4 d5 2.Bg5 Nc6 3.e3 Bf5 4.c4 Nf6 5.Nc3 dxc4 
6.Bxc4 e6 7.a3 Be7 8.Nf3 O-O 9.Kf1 Ne4 10.Bxe7 
Qxe7 11.Nxe4 Bxe4 12.Nd2 Bg6 13.Rc1 a6 14.f4 b5 
15.Bxb5 Nxd4 16.Be2 Nf5 17.Kf2 e5 18.e4 exf4 
19.exf5 Bxf5 20.Re1 Qe3+ 21.Kf1 Rad8 22.Nc4 Rxd1 
23.Nxe3 Rxe1+ 24.Rxe1 fxe3 25.Bxa6 Re8 26.Rc1 Re6 
27.Bc4 Re7 28.a4 Re5 29.h3 Bd7 30.b3 Kf8 31.Rc3 
Bc6 32.Be2 Ba8 33.Rxc7 Rf5+ 34.Kg1 Bxg2 35.Kxg2 
Rf2+ 36.Kg3 Rxe2 37.Rc3 Re1 38.Kg2 f5 39.a5 f4 
40.b4 Re2+ 41.Kf3 Rf2+ 0-1

[Event "HCL-B130"]
[Site "www.playchess.de"]
[Date "2001.03.16"]
[Round "2"]
[White "waz2000"]
[Black "raichu"]
[WhiteElo "1500"]
[BlackElo "1500"]
[PlyCount "58"]
[Result "0-1"]

1.e4 e5 2.Nf3 Nc6 3.Bc4 Nf6 4.d4 exd4 5.O-O Nxe4 
6.Re1 d5 7.Bxd5 Qxd5 8.Nc3 Qa5 9.Nxe4 Be6 10.Neg5 
O-O-O 11.Nxe6 fxe6 12.Rxe6 Qf5 13.Qe2 Bc5 14.Bg5 
Rdf8 15.Re1 Qf7 16.Qb5 Bb6 17.Bd2 Rfe8 18.Ng5 Qd7 
19.R6xe8+ Rxe8 20.Rxe8+ Qxe8 21.Qf5+ Kb8 22.Qxh7 
a6 23.Ne4 Qf7 24.b3 Qd7 25.Qg8+ Ka7 26.Kh1 d3 
27.c3 Qf5 28.f3 g6 29.g4 Qxf3+ 0-1

[Event "HCL-B142"]
[Site "www.playchess.de"]
[Date "2001.03.16"]
[Round "33"]
[White "nadavies_uk"]
[Black "supercazzola"]
[WhiteElo "1355"]
[BlackElo "1500"]
[PlyCount "26"]
[Result "0-1"]

1.d4 Nf6 2.c4 e6 3.Bg5 h6 4.Bh4 c5 5.Nf3 d5 6.e3 
Qb6 7.b3 cxd4 8.exd4 Bb4+ 9.Nbd2 Bc3 10.c5 Qb4 
11.Rc1 Bxd4 12.Nxd4 Qxd4 13.Bb5+ 
Bd7 0-1

[Event "HCL-C090"]
[Site "www.playchess.de"]
[Date "2001.03.16"]
[Round "19"]
[White "de_Leon"]
[Black "Colm"]
[WhiteElo "1000"]
[BlackElo "1243"]
[PlyCount "62"]
[Result "0-1"]

1.d4 Nf6 2.c4 e6 3.Nf3 d5 4.e3 Be7 5.Be2 O-O 
6.Nbd2 c5 7.O-O Nc6 8.Nb3 cxd4 9.Nfxd4 e5 10.Nxc6 
bxc6 11.f3 Be6 12.cxd5 cxd5 13.Bd2 Rc8 14.Ba6 Rc6 
15.Bb5 Rc8 16.Qe2 Bc5 17.Nxc5 Rxc5 18.Bb4 Qb6 
19.Bxc5 Qxc5 20.Rac1 Qb4 21.a3 Qe7 22.Rc2 d4 
23.Rfc1 Nd5 24.exd4 exd4 25.Qe5 Qf6 26.Qxf6 Nxf6 
27.R2c7 h6 28.Rxa7 Rd8 29.Kf2 Bb3 30.Bd3 Nd5 
31.Bc4 Rb8 0-1

[Event "HCL-C124"]
[Site "www.playchess.de"]
[Date "2001.03.16"]
[Round "19"]
[White "Extasis"]
[Black "xantia3"]
[WhiteElo "1000"]
[BlackElo "1000"]
[PlyCount "44"]
[Result "0-1"]

1.e4 e5 2.c3 d5 3.exd5 Qxd5 4.Qh5 Nf6 5.Qg5 Nc6 
6.Be2 h6 7.Qh4 Qxg2 8.Bf3 Qg6 9.Ne2 e4 10.Bg2 Qxg2 
11.Rg1 Ne5 12.Rxg2 Nf3+ 13.Kf1 Nxh4 14.Rg3 Bd6 
15.Rh3 Bxh3+ 16.Ke1 Bxh2 17.Kd1 Ng4 18.Kc2 Bf1 
19.Nd4 c5 20.Kb3 cxd4 21.cxd4 Nf3 22.Nc3 
Nxd4+ 0-1

[Event "HCL-C131"]
[Site "www.playchess.de"]
[Date "2001.03.16"]
[Round "5"]
[White "kooldown"]
[Black "ve7wln"]
[WhiteElo "1081"]
[BlackElo "1322"]
[PlyCount "54"]
[Result "1/2-1/2"]

1.e4 c5 2.Nf3 d6 3.d4 cxd4 4.Bb5+ Nc6 5.Nxd4 Bd7 
6.Nc3 a6 7.Bxc6 bxc6 8.Be3 Nf6 9.O-O e6 10.Re1 
Nxe4 11.Nxe4 d5 12.Nc3 Be7 13.Qf3 c5 14.Nde2 d4 
15.Nxd4 cxd4 16.Bxd4 O-O 17.Qg3 Bf6 18.Be3 Bc6 
19.Rab1 Qe7 20.Ne2 Rab8 21.b3 Rbd8 22.Nf4 g6 
23.Nh3 Bh4 {I will be slow the few weeks}  24.Qg4 
{me too}  f5 25.Qc4 Bb5 26.Qc3 Rdc8 27.Qd2 
Bf6 1/2-1/2

[Event "HCL-C133"]
[Site "www.playchess.de"]
[Date "2001.03.16"]
[Round "7"]
[White "Farmer"]
[Black "Herremanden"]
[WhiteElo "1000"]
[BlackElo "1200"]
[PlyCount "41"]
[Result "1-0"]

1.e4 e5 2.Nf3 Nf6 3.Nxe5 Qe7 4.d4 c5 5.Nf3 Nxe4 
6.Be2 Nc6 7.O-O Qf6 8.d5 Ne5 9.Nxe5 Qxe5 10.Bf3 
Bd6 11.g3 Nf6 12.Re1 O-O 13.Rxe5 Bxe5 14.Nc3 d6 
15.Ne4 Ne8 16.Bf4 Bxb2 17.Rb1 Bf6 18.Nxd6 g5 
19.Nxe8 Rxe8 20.Be3 Bd7 21.Rxb7 1-0

[Event "HCL-C134"]
[Site "www.playchess.de"]
[Date "2001.03.16"]
[Round "1"]
[White "comitnt014"]
[Black "Claire"]
[WhiteElo "917"]
[BlackElo "567"]
[PlyCount "30"]
[Result "0-1"]

1.d4 d5 2.Nc3 Nf6 3.Bg5 e6 4.e4 Be7 5.e5 Ne4 
6.Bxe7 Qxe7 7.f3 Nxc3 8.bxc3 Nc6 9.Bb5 Bd7 10.Qb1 
a6 11.Ba4 Na5 12.Bxd7+ Qxd7 13.Ne2 Nc4 14.Qxb7 O-O 
15.O-O Rfb8 0-1

[Event "HCL-C139"]
[Site "www.playchess.de"]
[Date "2001.03.16"]
[Round "6"]
[White "asb"]
[Black "perell"]
[WhiteElo "1000"]
[BlackElo "1000"]
[PlyCount "70"]
[Result "0-1"]

1.e4 c5 2.Nc3 d6 3.Nf3 Nf6 4.Bc4 Nc6 5.d3 e6 6.Bg5 
Be7 7.Ne2 O-O 8.c3 a6 9.a4 Qc7 10.Nf4 Na5 11.b3 
Nxc4 12.bxc4 h6 13.Bh4 Nh7 14.Bg3 Bd7 15.O-O {Hi 
again and Happy New Year!!!}  Bf6 {Happy new 
Year...}  16.Qe1 Ng5 17.Nxg5 Bxg5 18.Qe2 Bf6 
19.Rfc1 Qa5 20.f3 Bxc3 21.Be1 Bxe1 22.Rcxe1 Qd8 
23.e5 Qg5 24.Qe3 Qxe5 25.Qd2 Qg5 26.Ra2 b5 27.d4 
bxc4 28.dxc5 d5 29.Qd4 Bc6 30.g3 Rab8 31.Re5 Qf6 
32.Nh5 Qxf3 33.Ra1 Qd3 34.Qg4 Rb1+ 35.Kg2 Qf1+ 
{wold you like to email me? perell@ig.com.br} 
 0-1

[Event "HCL-C147"]
[Site "www.playchess.de"]
[Date "2001.03.16"]
[Round "6"]
[White "Herb_CN"]
[Black "arsenic"]
[WhiteElo "1000"]
[BlackElo "1257"]
[PlyCount "66"]
[Result "0-1"]

1.d4 e6 2.Nf3 d5 3.c4 Nf6 4.Nc3 Bb4 5.cxd5 Qxd5 
6.Qa4+ Nc6 7.e3 Bd7 8.Bd3 Bxc3+ 9.bxc3 Ne4 10.Bxe4 
Qxe4 11.O-O Ne5 12.Qd1 Bc6 13.dxe5 g5 14.Qd4 g4 
15.Qxe4 Bxe4 16.Nd2 Bc6 17.a4 O-O-O 18.Nb3 h5 
19.Nd4 Be4 20.f3 Bd3 21.Rf2 Rdg8 22.Rd2 Bc4 23.Rb1 
c5 24.Nb5 gxf3 25.Nd6+ Kc7 26.Nxc4 Rh6 27.Nd6 Rhg6 
28.Kf2 fxg2 29.Kg1 h4 30.h3 R6g3 31.Rxb7+ Kc6 
32.a5 Rxe3 33.Rd1 Rxh3 0-1